Quizzes
Events
Quiz Creation
Community
Videos
Private Events
Remove Ads
Sign In
Join for FREE
Feedback
Dark Mode
Quiz Categories
Sports
Geography
Music
Movies
Television
Just For Fun
Miscellaneous
History
Literature
Language
Science
Gaming
Entertainment
Religion
Holiday
For Kids
Quiz Lab
Recent
Popular Today
Quiz Kudos Today
Editor Picks
Curator Picks
Quizzes by...
Day
Popularity
Type
Ratings
Length
Year
Community
Subscriptions
Recent Discussions
Orange Saloon
Badges
Playlists
Quests
Create
Leaderboards
Showdown
Live 5
Trivia Bingo
Activity
Puzzle Library
Sporcle Events
Private Events
Virtual Trivia
Globe League
Become a Host
Pub Owners
SporcleCon
Opinionation
Our Games
Videos
Blog
Mobile Apps
Partnerships
Remove Ads and Go Orange
Feedback
Sports
Athletes
MLB
NBA
NHL
NFL
Soccer
Sports Teams
WWE
NCAA
Football
Premier League
Basketball
Baseball
Hockey
Golf
Tennis
Cricket
Rugby
Auto Racing
Olympics
World Cup
Sports
Athletes
MLB
NBA
NHL
NFL
Soccer
Sports Teams
WWE
NCAA
Football
Premier League
Basketball
Baseball
Hockey
Golf
Tennis
Cricket
Rugby
Auto Racing
Olympics
World Cup
Random Quiz
Search Sporcle
×
Quiz Lab
Quiz Lab
Sports
team
Type in answers that appear in a list
Type in answers that appear in a list
Classic
Best Score? Go Orange.
NL Hit Leaders Stats
Can you name the player who led the National League in hits each year?
By
gaverick91
20m
136 Questions
211 Plays
211 Plays
211 Plays
Comments
Comments
Give Quiz Kudos
Give Quiz Kudos
-
- Ratings
hide this ad
Replay
Link that replays current quiz
Next Quiz
Link to next quiz in quiz playlist
You Got
0%
They Got
Avg Score
49%
Avg Friend Score
Upgrade to see
Score Distribution
Jump to the score distribution portion of the page
Score
0/136
Timer
20:00
0
Plays Today
Year
Player
% Correct
1970
Pete Rose, Billy Williams
94.8%
1965
Pete Rose
93.4%
1968
Felipe Alou, Pete Rose
93.4%
1972
Pete Rose
93.4%
1973
Pete Rose
93.4%
1976
Pete Rose
93.4%
1981
Pete Rose
93.4%
1984
Tony Gwynn
92.9%
1986
Tony Gwynn
92.9%
1987
Tony Gwynn
92.9%
1989
Tony Gwynn
92.9%
1994
Tony Gwynn
92.9%
1995
Dante Bichette, Tony Gwynn
92.9%
1997
Tony Gwynn
92.9%
1943
Stan Musial
89.1%
1944
Phil Cavarretta, Stan Musial
89.1%
1946
Stan Musial
89.1%
1948
Stan Musial
89.1%
1949
Stan Musial
89.1%
1952
Stan Musial
89.1%
1964
Roberto Clemente, Curt Flood
89.1%
1967
Roberto Clemente
89.1%
1956
Hank Aaron
87.7%
1959
Hank Aaron
87.7%
2000
Todd Helton
86.7%
2003
Albert Pujols
83.9%
2009
Ryan Braun
83.9%
2008
Jose Reyes
82.9%
1960
Willie Mays
82.5%
2010
Carlos Gonzalez
81.2%
1908
Honus Wagner
79.1%
1910
Bobby Byrne, Honus Wagner
79.1%
2005
Derrek Lee
79.1%
1992
Terry Pendleton, Andy Van Slyke
75.4%
1999
Luis Gonzalez
75.4%
1920
Rogers Hornsby
74.9%
1921
Rogers Hornsby
74.9%
1922
Rogers Hornsby
74.9%
1924
Rogers Hornsby
74.9%
1978
Steve Garvey
74.9%
1980
Steve Garvey
74.9%
1991
Terry Pendleton
73.9%
1983
Jose Cruz, Andre Dawson
72%
1966
Felipe Alou
71.6%
1969
Matty Alou
71.6%
2002
Vladimir Guerrero
71.6%
Year
Player
% Correct
1985
Willie McGee
70.6%
1977
Dave Parker
68.2%
1996
Lance Johnson
68.2%
1998
Dante Bichette
67.8%
1881
Cap Anson
67.3%
2007
Matt Holliday
66.4%
1927
Paul Waner
65.4%
1931
Lloyd Waner
65.4%
1934
Paul Waner
65.4%
1990
Brett Butler, Lenny Dykstra
64.5%
1993
Lenny Dykstra
64.5%
1971
Joe Torre
62.1%
1951
Richie Ashburn
58.8%
1953
Richie Ashburn
58.8%
1958
Richie Ashburn
58.8%
2011
Starlin Castro
58%
1950
Duke Snider
55.5%
1962
Tommy Davis
52.6%
1988
Andres Galarraga
50.7%
1936
Joe Medwick
50.2%
1937
Joe Medwick
50.2%
2004
Juan Pierre
48.3%
2006
Juan Pierre
48.3%
1932
Chuck Klein
46.4%
1933
Chuck Klein
46.4%
1982
Al Oliver
45%
1897
Willie Keeler
42.7%
1898
Willie Keeler
42.7%
1900
Willie Keeler
42.7%
1974
Ralph Garr
41.2%
1930
Bill Terry
40.3%
1899
Ed Delahanty
39.3%
2001
Rich Aurilia
37.4%
1887
Sam Thompson
36%
1890
Jack Glasscock, Sam Thompson
36%
1893
Sam Thompson
36%
1942
Enos Slaughter
35.5%
1923
Frankie Frisch
35.1%
1961
Vada Pinson
34.6%
1963
Vada Pinson
34.6%
1979
Garry Templeton
34.6%
1891
Billy Hamilton
29.9%
1882
Dan Brouthers
28.9%
1883
Dan Brouthers
28.9%
1892
Dan Brouthers
28.9%
1975
Dave Cash
28.9%
Year
Player
% Correct
1925
Jim Bottomley
27.5%
1940
Stan Hack, Frank McCormick
26.5%
1955
Ted Kluszewski
26.1%
1941
Stan Hack
24.2%
1929
Lefty O'Doul
23.7%
1935
Billy Herman
23.2%
1938
Frank McCormick
23.2%
1939
Frank McCormick
23.2%
1926
Eddie Brown
22.7%
1957
Red Schoendienst
21.3%
1895
Jesse Burkett
20.9%
1896
Jesse Burkett
20.9%
1901
Jesse Burkett
20.9%
1877
Deacon White
20.4%
1885
Roger Connor
19.9%
1913
Gavvy Cravath
19.4%
1894
Hugh Duffy
19%
1945
Tommy Holmes
19%
1947
Tommy Holmes
19%
1889
Jack Glasscock
17.5%
1928
Freddie Lindstrom
15.6%
1884
Jim O'Rourke, Ezra Sutton
12.3%
1902
Ginger Beaumont
11.8%
1903
Ginger Beaumont
11.8%
1904
Ginger Beaumont
11.8%
1907
Ginger Beaumont
11.8%
1912
Heinie Zimmerman
11.8%
1876
Ross Barnes
11.4%
1911
Doc Miller
11.4%
1905
Cy Seymour
10.4%
1909
Larry Doyle
10%
1915
Larry Doyle
10%
1916
Hal Chase
9.5%
1954
Don Mueller
9.5%
1879
Paul Hines
9%
1914
Sherry Magee
9%
1917
Heinie Groh
7.1%
1906
Harry Steinfeldt
6.6%
1886
Hardy Richardson
6.2%
1888
Jimmy Ryan
5.7%
1878
Joe Start
5.2%
1919
Ivy Olson
2.8%
1880
Abner Dalrymple
2.4%
1918
Charlie Hollocher
2.4%
Quiz Playlist
Details
Report
Send in Message
Add To Playlist
Classic:
Type in answers that appear in a list
Quiz Source
Last Updated: Feb 16, 2017
Quiz Scoreboard
CHALLENGE
Sign Up to Join the Scoreboard
Show All
Scores
Hide
Comments
May contain spoilers
Recently Published
Click the 1999 NBA Draft
by nibperrychub
Sports
2m
Alphabetical 'K' Countries by Flag Minefield
by ylime102
Geography
3m
Pick 6: Fruits
by JohnFran
Miscellaneous
15s
More to Explore
Quiz From the Vault
Featured Blog Post
15 Basketball Trivia Facts You Can Be March Mad About
hide this ad
You Might Also Like...
Tags
hit
League
national
National League
Player
team
Today's Top Quizzes in Sports
Browse Sports
hide this ad
Today's Top Quizzes in team
Browse team
Top Contributed Quizzes in Sports
1
Pick 6: NFL Teams
2
MLB 2 truths and a lie: Hall of Fame pitchers
3
Les joueurs à 100 buts en Ligue 1 Uber Eats
4
Don't Strike Out: 3000 Strikeouts
5
Criteria MLB: Left Handed Sluggers
6
Pick 6: Minor League Baseball
7
2022 World Cup Stars
8
Click the 1998 NBA Draft
9
Millionaire: NBA Finals Edition
10
MLB Players with Two .350 Batting Average Seasons
Explore More
Trending Topics
Harry Potter
Marvel
Crossword
Disney
Kpop
Anime
NBA
Pokémon
Puzzle
The Office
Soccer
Country
NFL
Song
WWE
hide this ad
More By:
gaverick91
Quiz
Plays
Rating
Category
Featured
Created
MLB Starting All-Stars (1990's)
7,717
4.53
Sports
Jul 13, 2010
Homerun Champs (NL)
1,278
5.00
Sports
Mar 19, 2010
World Series Champs
1,020
2.00
Sports
Jan 26, 2010
Homerun Champs (AL)
944
4.60
Sports
Mar 19, 2010
Pitching Rotations (1980s)
608
5.00
Sports
Apr 11, 2010
Go to Creator's Profile
Score Distribution
Quiz Creator Spotlight
gaverick91
Follow
Send a Message
Quizzes Created
-
Created Quiz Play Count
-
More By This Creator
Popular Quizzes Today
1
Find the US States - No Outlines Minefield
2
Countries of Asia Without Outlines Minefield
3
Pick 6: Fruits
4
The Countries of the World
5
Alphabetical 'K' Countries by Flag Minefield
6
Find the US States
7
Match the Book to the Film X
8
Click the 1999 NBA Draft
More Sports Quizzes
WWE Smackdown vs Raw Legends
Curator's Pick
Trending Quizzes
Pick 6: Harry Potter
Pick 6: Mountains
Pick 6: NFL Teams
Pick 6: Movie Franchises
Pick 6: Golfers
Recently Updated
Women's Final Four Teams by Year
bhenderson79
Presidents Quartet II
eogle
Anything But Clue(do)
eogle
Anything But Oceanian Capitals
eogle
Anything But 7
eogle
Anything But Thing
eogle
Word Ladder: February 29
pecheneg
Song Title Questions
pecheneg
Women's NCAA Tournament #1 Seeds
pecheneg
Celebrity Mug Shots
pecheneg
Trending Topics
Marvel
Harry Potter
Disney
Anime
NBA
Crossword
Kpop
The Office
Puzzle
Country
Pokémon
WWE
NFL
Soccer
Song
Your Account Isn't Verified!
In order to create a playlist on Sporcle, you need to verify the email address you used during registration. Go to your
Sporcle Settings
to finish the process.
Report this User
Report this user for behavior that violates our
Community Guidelines
.
Details:
Send Report
Go to the Sporcle.com Mobile Site →
Comments